Score 0/29 Timer 08:00
0 Plays Today
Quote President % Correct
'Let us carry forward the plans and programs of John Fitzgerald Kennedy--not because of our sorrow or sympathy, but because they are right.'Lyndon B. Johnson
82.6%
'At this time in Iran, 50 Americans are still held captive, innocent victims of terrorism and anarchy.'Jimmy Carter
80.9%
'[Developing nations] were shocked by the Soviets' sudden and secret attempt to transform Cuba into a nuclear striking base-and by Communist China's arrogant invasion of India.'John F. Kennedy
80.4%
'After more than 10 years of military involvement, all of our troops have returned from Southeast Asia, and they have returned with honor.'Richard Nixon
79.7%
'The end of the cold war has been a victory for all humanity. A year and a half ago, in Germany, I said our goal was a Europe whole and free. Tonight, Germany is united.George H. W. Bush
79.4%
'But the dreams of empire of the Japanese and Fascist leaders were modest in comparison with the gargantuan aspirations of Hitler and his Nazis.'Franklin D. Roosevelt
79.3%
'If there's one thing that has unified Democrats and Republicans -- and everybody in between -- it's that we all hated the bank bailout. I hated it. I hated it. I hated it.'Barack Obama
79%
'It was the greatest year of achievement in human history. It saw the end of the Nazi-Fascist terror in Europe, and also the end of the malignant power of Japan.'Harry S. Truman
78.3%
'States like these and their terrorist allies constitute an axis of evil, arming to threaten the peace of the world...these regimes pose a grave and growing danger.'George W. Bush
78.2%
'There can be no settlement unless all Soviet troops are removed and the Afghan people are allowed genuine self-determination.'Ronald Reagan
77.7%
'First of all we are deeply grateful that our sons no longer die on the distant mountains of Korea.'Dwight D. Eisenhower
76.1%
'A new tide of optimism is already sweeping across our land. Each day since, we have gone forward with a clear vision and a righteous mission, to make America great again.'Donald Trump
73.8%
'Should the acquisition of Louisiana be constitutionally confirmed and carried into effect, a sum of nearly $13M will then be added to our public debt...'Thomas Jefferson
72.7%
'The origins of this depression lie to some extent within our own borders...'Herbert Hoover
70.7%
'...the American continents...are henceforth not to be considered as subjects for future colonization by European powers.'James Monroe
66.7%
Quote President % Correct
'Civil strife had ceased, the spirit of rebellion had spent its entire force, in the Southern States the people had warmed into national life...'Andrew Johnson
61.3%
'Since the close of the last Congress the Nation has lost President Harding. The world knew his kindness and his humanity, his greatness and his character.'Calvin Coolidge
60%
'It gives me pleasure to announce to Congress that the policy in relation to the removal of the Indians beyond the white settlements is approaching to a happy consummation.'Andrew Jackson
59.2%
'It is another source of satisfaction that the treaty of peace with Great Britain has been succeeded by a convention on the subject of commerce...of the two countries.'James Madison
59%
'The course of the transactions in relation to the United States and France which have come to my knowledge during your recess will be made the subject of a future communication.'John Adams
52.2%
'I earnestly suggest that the Congress authorize the Treasury of the United States to make to the struggling government of Armenia such a loan as was made to [the Allied Powers].'Woodrow Wilson
48.6%
'The existing war with Mexico was neither desired nor provoked by the United States. On the contrary, all honorable means were resorted to to avert it.'James K. Polk
47.2%
'My message of last year was necessarily devoted, in great part to a consideration of the Spanish War and of the results it wrought and the conditions it imposed for the future.'William McKinley
45.9%
'The jurisdiction of the General Government over interstate commerce has led to the passage of the so-called 'Sherman Anti-trust Law' and the 'Interstate Commerce Law'.'William Howard Taft
39.2%
'Sixty years have elapsed since the establishment of this Government, and the Congress of the United States again assembles to legislate for an empire of freemen.'Zachary Taylor
38.8%
'The adoption of a constitution for the State of Kentucky has been notified to me.'George Washington
37%
'Instructions have been given to the commissioner of the United States under our convention with Texas for the demarcation of the line which separates us from that Republic.'Martin Van Buren
30.8%
'On the 29th of February last I transmitted to the Congress the first annual report of the Civil Service Commission...'Chester A. Arthur
18.3%
'The treaty between the United States and His Majesty the King of the Hawaiian Islands, which has recently been made public, will, it is believed, have a beneficial effect...'Millard Fillmore
13.5%

You're not logged in!

Compare scores with friends on all Sporcle quizzes.
OR
Log In

Sporcle TV

Today on Sporcle TV


Watch our educational content, quiz creation guides, and fun videos on Sporcle TV.

Show Comments

Extras

Top Quizzes Today


Score Distribution

Paid Content

Your Account Isn't Verified!

In order to create a playlist on Sporcle, you need to verify the email address you used during registration. Go to your Sporcle Settings to finish the process.

Report this User

Report this user for behavior that violates our Community Guidelines.

Details: